| 000 | 01159cam a2200313 a 4500 | ||
|---|---|---|---|
| 001 | 2972 | ||
| 003 | FISKH | ||
| 005 | 20241108132149.0 | ||
| 008 | 030225s2003 nyu j 000 1 eng | ||
| 010 | _a 2003042299 | ||
| 020 | _a0802788742 | ||
| 020 | _a9780439636223 | ||
| 040 |
_aDLC _cDLC _dDLC _beng |
||
| 042 | _alcac | ||
| 050 | 0 | 0 |
_aPZ7.R13455 _bAl 2003 |
| 082 | 0 | 0 |
_a[Fic] _221 |
| 100 | 1 |
_aRallison, Janette, _d1966- |
|
| 245 | 1 | 0 |
_aAll's fair in love, war, and high school / _cJanette Rallison. |
| 246 | 3 | _aAll is fair in love, war, and high school | |
| 260 |
_aNew York : _bScholastic, _c2003. |
||
| 300 |
_a183 pages ; _c20 cm |
||
| 520 | _aWhen head cheerleader Samantha Taylor does poorly on the SAT exam, she determines that her only hope for college admission is to win the election for student body president, but her razor wit and acid tongue make her better suited to dishing out insults than winning votes. | ||
| 650 | 1 |
_aHigh schools _vFiction. |
|
| 650 | 1 |
_aSchools _vFiction. |
|
| 650 | 1 |
_aSelf-perception _vFiction. |
|
| 650 | 1 |
_aElections _vFiction. |
|
| 906 |
_a7 _bcbc _corignew _d1 _eocip _f20 _gy-gencatlg |
||
| 942 |
_2ddc _cBK _n0 |
||
| 999 |
_c2972 _d2972 |
||